A 4*-os Mercure Korona szálloda humánerőforrás gazdálkodása

Bibliográfiai részletek
Szerző: Nagy Vivien
További közreműködők: Krompaszky Gábor
Dokumentumtípus: Diplomadolgozat
Kulcsszavak:humánerőforrás gazdálkodás
Mercure Korona szálloda
Emberi erőforrás gazdálkodás
Online Access:http://dolgozattar.uni-bge.hu/15003

MARC

LEADER 00000nta a2200000 i 4500
001 dolg15003
005 20180704140944.0
008 180427suuuu hu om 000 hun d
040 |a BGE Dolgozattár Repozitórium  |b hun 
041 |a hu 
100 1 |a Nagy Vivien 
245 1 2 |a A 4*-os Mercure Korona szálloda humánerőforrás gazdálkodása  |c Nagy Vivien  |h [elektronikus dokumentum] 
246 1 1 |a A 4*-os Mercure Korona szálloda humánerőforrás gazdálkodása 
695 |a humánerőforrás gazdálkodás 
695 |a Mercure Korona szálloda 
695 |a Emberi erőforrás gazdálkodás 
700 1 |a Krompaszky Gábor  |e ths 
856 4 0 |u http://dolgozattar.uni-bge.hu/15003/1/Nagy%20Vivien%20szakdolgozat.pdf  |z Dokumentum-elérés 
856 4 0 |u http://dolgozattar.uni-bge.hu/15003/2/titok.pdf  |z Dokumentum-elérés